[Event "Tournament of Peace 2018"]
[Site "Zagreb CRO"]
[Date "2018.11.15"]
[Round "4.6"]
[White "Malakhov, Vladimir"]
[Black "Kozul, Zdenko"]
[Result "0-1"]
[WhiteTitle "GM"]
[BlackTitle "GM"]
[WhiteElo "2654"]
[BlackElo "2612"]
[WhiteFideId "4120787"]
[BlackFideId "14502879"]
[EventDate "2018.11.12"]

1. e4 c5 2. Nf3 Nc6 3. Bb5 e5 4. Bxc6 dxc6 5. d3 Bd6 6. Nbd2 Ne7 7. Nc4 Ng6 8.
Be3 f6 9. Nxd6+ Qxd6 10. Nd2 Be6 11. a4 a5 12. b3 b6 13. g3 h5 14. h4 Nf8 15.
Qe2 Bd7 16. f4 Bg4 17. Nc4 Qc7 18. Qd2 Ne6 19. fxe5 fxe5 20. O-O Rf8 21. Kh2
Rxf1 22. Rxf1 b5 23. Na3 Rb8 24. axb5 cxb5 25. c4 b4 26. Nb5 Qd7 27. Qf2 Qe7 28.
Qb2 Nd4 29. Bxd4 cxd4 30. Qa2 Ra8 31. Qf2 Kd7 32. Nxd4 exd4 33. Qxd4+ Ke8 34.
Qd5 Rd8 35. Qg8+ Kd7 36. Qd5+ Ke8 37. Qc6+ Rd7 38. Qg6+ Kd8 39. Qb6+ Kc8 40.
Qxa5 Ra7 41. Qb6 Ra2+ 42. Kg1 Bd7 43. Rf2 Rxf2 44. Qa6+ Kd8 45. Qa5+ Ke8 46.
Kxf2 Bg4 47. Ke3 Qf6 48. Qc7 Qa1 49. Qb8+ Kf7 50. Qxb4 Qg1+ 51. Kd2 Qf2+ 52. Kc1
Qxg3 53. Qb7+ Kg6 54. Qb6+ Kh7 55. Qd8 Qf2 56. Qg5 Qa2 57. c5 Qxb3 58. Qe3 Qc3+
59. Kb1 Bd1 0-1

[Event "Tournament of Peace 2018"]
[Site "Zagreb CRO"]
[Date "2018.11.16"]
[Round "5.2"]
[White "Stevic, Hrvoje"]
[Black "Malakhov, Vladimir"]
[Result "1/2-1/2"]
[WhiteTitle "GM"]
[BlackTitle "GM"]
[WhiteElo "2589"]
[BlackElo "2654"]
[WhiteFideId "14502569"]
[BlackFideId "4120787"]
[EventDate "2018.11.12"]

1. e4 d6 2. d4 Nf6 3. Nc3 g6 4. Nf3 Bg7 5. Be3 O-O 6. Qd2 Bg4 7. Ng5 c6 8. f3
Bc8 9. h4 h6 10. Nh3 Bxh3 11. Rxh3 h5 12. O-O-O Qa5 13. g4 e5 14. g5 Ne8 15. f4
exf4 16. Bxf4 Nd7 17. Qh2 c5 18. dxc5 Nxc5 19. Kb1 Ne6 20. Rd5 Qb6 21. Rb5 Qc6
22. Nd5 Kh7 23. Bd3 Nxf4 24. Qxf4 Nc7 25. Nxc7 Qxc7 26. e5 a6 27. Rb3 Bxe5 28.
Qf3 Kg7 29. Qxb7 Qc5 30. Rf3 Ra7 31. Qe4 Qd4 32. a3 Qxe4 33. Bxe4 f6 1/2-1/2

[Event "Tournament of Peace 2018"]
[Site "Zagreb CRO"]
[Date "2018.11.16"]
[Round "5.3"]
[White "Bacrot, Etienne"]
[Black "Jovanovic, Zoran"]
[Result "1/2-1/2"]
[WhiteTitle "GM"]
[BlackTitle "GM"]
[WhiteElo "2677"]
[BlackElo "2537"]
[WhiteFideId "605506"]
[BlackFideId "14505320"]
[EventDate "2018.11.12"]

1. d4 Nf6 2. c4 g6 3. f3 d6 4. e4 Bg7 5. Ne2 c6 6. Nbc3 a6 7. a4 a5 8. Be3 Na6
9. Qd2 e5 10. Rd1 Qe7 11. d5 c5 12. Nb5 b6 13. g4 h5 14. g5 Nh7 15. h4 f6 16.
Bh3 1/2-1/2

[Event "Tournament of Peace 2018"]
[Site "Zagreb CRO"]
[Date "2018.11.16"]
[Round "5.4"]
[White "Zelcic, Robert"]
[Black "Cheparinov, Ivan"]
[Result "1-0"]
[WhiteTitle "GM"]
[BlackTitle "GM"]
[WhiteElo "2508"]
[BlackElo "2711"]
[WhiteFideId "14500310"]
[BlackFideId "2905540"]
[EventDate "2018.11.12"]

1. e4 c5 2. Nf3 d6 3. Bb5+ Nd7 4. d4 cxd4 5. Qxd4 a6 6. Be2 Ngf6 7. c4 g6 8. Nc3
Bg7 9. O-O O-O 10. Qe3 b6 11. Rd1 Bb7 12. Ng5 h6 13. Nh3 Rc8 14. f3 Qc7 15. Bd2
Ne5 16. b3 Nc6 17. Qf2 e5 18. Rac1 Nd4 19. Be3 Nd7 20. Bf1 Nc5 21. Bxd4 exd4 22.
Ne2 d3 23. Nef4 g5 24. Nh5 Be5 25. Ng3 g4 26. fxg4 f5 27. gxf5 Qg7 28. Qf3 Bxg3
29. Qxg3 Qxg3 30. hxg3 d2 31. Rxd2 Nxe4 32. Rd4 Rxf5 33. Re1 Re5 34. Rxd6 Nxd6
35. Rxe5 Kf7 36. Bd3 Kf6 37. Rh5 Kg7 38. Nf4 Re8 39. c5 bxc5 40. Rxc5 Rc8 41. b4
Rxc5 42. Ne6+ 1-0

[Event "Tournament of Peace 2018"]
[Site "Zagreb CRO"]
[Date "2018.11.16"]
[Round "5.5"]
[White "Amin, Bassem"]
[Black "Adhiban, Baskaran"]
[Result "0-1"]
[WhiteTitle "GM"]
[BlackTitle "GM"]
[WhiteElo "2709"]
[BlackElo "2682"]
[WhiteFideId "10601457"]
[BlackFideId "5018471"]
[EventDate "2018.11.12"]

1. e4 e5 2. Nf3 Nc6 3. Bc4 Bc5 4. O-O Nf6 5. d3 d6 6. c3 a6 7. Re1 Ba7 8. a4 Ng4
9. Re2 Qf6 10. Nbd2 g5 11. Qe1 Rg8 12. Nf1 h5 13. Qd2 Be6 14. Bd5 Bxd5 15. exd5
Ne7 16. d4 O-O-O 17. h3 Nh6 18. Ng3 Nxd5 19. Nxh5 Qg6 20. Ng3 Nf4 21. Re4 Nf5
22. Qc2 Nh4 23. dxe5 Nxf3+ 24. gxf3 Nxh3+ 25. Kf1 Nxf2 26. Re2 Nd3 27. exd6 Qxd6
28. Ne4 Qd7 29. Rh2 g4 0-1

[Event "Tournament of Peace 2018"]
[Site "Zagreb CRO"]
[Date "2018.11.16"]
[Round "5.6"]
[White "Saric, Ivan"]
[Black "Palac, Mladen"]
[Result "1-0"]
[WhiteTitle "GM"]
[BlackTitle "GM"]
[WhiteElo "2692"]
[BlackElo "2548"]
[WhiteFideId "14508150"]
[BlackFideId "14500116"]
[EventDate "2018.11.12"]

1. e4 c5 2. Nf3 d6 3. d4 cxd4 4. Nxd4 Nf6 5. Nc3 a6 6. Be3 e5 7. Nb3 Be6 8. f3
Nbd7 9. Qd2 b5 10. O-O-O h5 11. Nd5 Rc8 12. g3 Bxd5 13. exd5 Nb6 14. Bh3 Nc4 15.
Qe2 Rc7 16. Kb1 g6 17. f4 Bh6 18. Bd4 Re7 19. fxe5 Nxe5 20. Rhe1 O-O 21. Qf1
Nfg4 22. Bxg4 Nxg4 23. Rxe7 Qxe7 24. Re1 Qd8 25. h3 Ne5 26. Bxe5 dxe5 27. Rd1
Qd6 28. c4 bxc4 29. Qxc4 Be3 30. g4 hxg4 31. hxg4 Rd8 32. Na5 Rb8 33. Nc6 Rb5
34. a4 Rc5 35. Qxa6 Bg5 36. Qd3 Kg7 37. Nb4 Ra5 38. Qb3 e4 39. Nc2 Bf6 40. g5
Be5 41. Ne3 Qa6 42. Nc4 Rxa4 43. Nxe5 Ra1+ 44. Kc2 Qe2+ 45. Rd2 Qf1 46. Qb6 Qb1+
47. Kc3 1-0

[Event "Tournament of Peace 2018"]
[Site "Zagreb CRO"]
[Date "2018.11.17"]
[Round "6.2"]
[White "Adhiban, Baskaran"]
[Black "Saric, Ivan"]
[Result "1/2-1/2"]
[WhiteTitle "GM"]
[BlackTitle "GM"]
[WhiteElo "2682"]
[BlackElo "2692"]
[WhiteFideId "5018471"]
[BlackFideId "14508150"]
[EventDate "2018.11.12"]

1. d4 d5 2. c4 c6 3. Nc3 Nf6 4. Nf3 e6 5. Bg5 h6 6. Bxf6 Qxf6 7. e3 Nd7 8. Nd2
Bb4 9. a3 Bxc3 10. bxc3 O-O 11. Be2 Nb6 12. O-O Nxc4 13. Nxc4 dxc4 14. Bxc4 b6
15. a4 1/2-1/2

[Event "Tournament of Peace 2018"]
[Site "Zagreb CRO"]
[Date "2018.11.17"]
[Round "6.3"]
[White "Cheparinov, Ivan"]
[Black "Amin, Bassem"]
[Result "1-0"]
[WhiteTitle "GM"]
[BlackTitle "GM"]
[WhiteElo "2711"]
[BlackElo "2709"]
[WhiteFideId "2905540"]
[BlackFideId "10601457"]
[EventDate "2018.11.12"]

1. d4 Nf6 2. c4 g6 3. Nc3 Bg7 4. e4 d6 5. h3 O-O 6. Be3 c5 7. Nf3 cxd4 8. Nxd4
Nc6 9. Be2 Bd7 10. O-O Nxd4 11. Bxd4 Bc6 12. Qc2 a5 13. Rad1 Nd7 14. Bxg7 Kxg7
15. Bg4 Ne5 16. c5 Nxg4 17. hxg4 Qc8 18. cxd6 Qxg4 19. dxe7 Rfe8 20. Nd5 Bxd5
21. Qc3+ Kg8 22. exd5 Rxe7 23. d6 Rd7 24. Rd5 Qb4 25. Qe5 a4 26. a3 Qb6 27. Re1
Rad8 28. Red1 Qc6 29. Kh2 Qc4 30. R1d4 Qc2 31. Rd2 Qb3 32. Qd4 h6 33. Re2 Kh7
34. f4 b5 35. Re4 Qc2 36. Re7 Qc6 37. Qe5 h5 38. f5 Rxe7 39. fxg6+ fxg6 40.
Qxe7+ Kh6 41. Qg5+ Kh7 42. Qxd8 Qxd5 43. Qc7+ 1-0

[Event "Tournament of Peace 2018"]
[Site "Zagreb CRO"]
[Date "2018.11.17"]
[Round "6.4"]
[White "Jovanovic, Zoran"]
[Black "Zelcic, Robert"]
[Result "1/2-1/2"]
[WhiteTitle "GM"]
[BlackTitle "GM"]
[WhiteElo "2537"]
[BlackElo "2508"]
[WhiteFideId "14505320"]
[BlackFideId "14500310"]
[EventDate "2018.11.12"]

1. e4 c6 2. Nc3 d5 3. Nf3 Bg4 4. h3 Bxf3 5. Qxf3 Nf6 6. Be2 e5 7. d3 Be7 8. Qg3
Nbd7 9. O-O dxe4 10. Nxe4 O-O 11. Re1 Ne8 12. Nd2 Nd6 13. Nf3 Nf5 14. Qg4 g6 15.
Bf1 Qc7 16. Bd2 Rfe8 17. a4 a5 18. Bc3 Bc5 19. Re2 h5 20. Qc4 Qb6 21. Rae1 Ng3
22. Rd2 Bb4 23. Bxb4 axb4 24. d4 Nxf1 25. Kxf1 Rxa4 26. Nxe5 Nxe5 27. dxe5 Qa6
28. Qxa6 bxa6 29. Rd4 c5 30. Rc4 Ra5 31. f4 Rd8 32. e6 fxe6 33. Rxe6 Kf7 34. Re5
Rd2 35. Re2 Rxe2 36. Kxe2 Ke6 37. Re4+ Kd6 38. b3 Ra1 39. Re5 Rc1 40. Kd2 Rf1
41. Rg5 Rxf4 42. Rxg6+ Kd5 43. c4+ Kd4 44. Rd6+ Ke5 45. Rc6 Kd4 46. Rd6+ Ke4 47.
Re6+ Kf5 48. Rc6 Rf2+ 49. Ke3 Rxg2 50. Rxc5+ Kg6 51. Kf4 Rf2+ 52. Kg3 Rb2 53.
Kh4 Rxb3 54. Rc6+ Kf7 55. Rxa6 Rc3 56. Rb6 b3 57. c5 Ke7 58. Kxh5 Rxh3+ 1/2-1/2

[Event "Tournament of Peace 2018"]
[Site "Zagreb CRO"]
[Date "2018.11.17"]
[Round "6.5"]
[White "Malakhov, Vladimir"]
[Black "Bacrot, Etienne"]
[Result "1/2-1/2"]
[WhiteTitle "GM"]
[BlackTitle "GM"]
[WhiteElo "2654"]
[BlackElo "2677"]
[WhiteFideId "4120787"]
[BlackFideId "605506"]
[EventDate "2018.11.12"]

1. Nf3 d5 2. c4 e6 3. g3 Nf6 4. Bg2 Be7 5. d4 O-O 6. Nc3 dxc4 7. Ne5 Nc6 8. Bxc6
bxc6 9. Nxc6 Qe8 10. Nxe7+ Qxe7 11. Qa4 Nd5 12. Qxc4 a5 13. Bd2 Ba6 14. Qc5 Qd7
15. Rc1 a4 16. f3 Rfb8 17. Nd1 f5 18. Kf2 Rb6 19. Rc2 Rab8 20. Ne3 Rxb2 21. Rhc1
Rxc2 22. Rxc2 Qb5 23. Qxb5 Bxb5 24. a3 Nxe3 25. Kxe3 c6 26. Bb4 Rd8 27. Bc5 Kf7
28. Kf4 Kf6 29. h4 Rd7 30. e3 g6 31. g4 fxg4 32. Kxg4 e5 33. h5 exd4 34. Bxd4+
Ke6 35. hxg6 hxg6 36. Bc5 Bd3 37. Rc3 Bb5 38. Kg5 Rd3 39. Rc1 Kf7 40. Kf4 Ke6
41. e4 Kf6 42. Rc2 Rd1 43. Rh2 Bc4 44. Rh8 Rd3 45. Rf8+ Bf7 46. Kg4 g5 47. f4
gxf4 48. Kxf4 Ke6 49. Rc8 Kd7 50. Ra8 Bb3 51. Ra7+ Kc8 52. e5 Rd7 53. Ra8+ Kb7
54. Rh8 Rd1 55. Re8 Rf1+ 56. Kg5 Rc1 57. Bd6 Rg1+ 58. Kf4 Re1 59. Rb8+ Ka6 60.
Kf5 Rb1 61. Kf6 Rf1+ 62. Ke7 Rf7+ 63. Kd8 Rb7 64. Rc8 Bd5 65. Bc7 Be6 66. Ra8+
Ra7 67. Rb8 Rb7 68. Ra8+ 1/2-1/2

[Event "Tournament of Peace 2018"]
[Site "Zagreb CRO"]
[Date "2018.11.17"]
[Round "6.6"]
[White "Kozul, Zdenko"]
[Black "Stevic, Hrvoje"]
[Result "1/2-1/2"]
[WhiteTitle "GM"]
[BlackTitle "GM"]
[WhiteElo "2612"]
[BlackElo "2589"]
[WhiteFideId "14502879"]
[BlackFideId "14502569"]
[EventDate "2018.11.12"]

1. d4 d5 2. c4 dxc4 3. Nf3 Nf6 4. e3 e6 5. Bxc4 c5 6. O-O a6 7. dxc5 Qxd1 8.
Rxd1 Bxc5 9. Be2 b6 10. b3 Bb7 11. Bb2 Nbd7 12. Nbd2 O-O 13. Ne1 Rfc8 14. Bf3
Bxf3 15. Ndxf3 Rc7 16. Kf1 Rac8 17. Rac1 Be7 18. Rxc7 Rxc7 19. Ne5 Kf8 20. Nxd7+ 1/2-1/2

[Event "Tournament of Peace 2018"]
[Site "Zagreb CRO"]
[Date "2018.11.19"]
[Round "7.2"]
[White "Bacrot, Etienne"]
[Black "Kozul, Zdenko"]
[Result "1-0"]
[WhiteTitle "GM"]
[BlackTitle "GM"]
[WhiteElo "2677"]
[BlackElo "2612"]
[WhiteFideId "605506"]
[BlackFideId "14502879"]
[EventDate "2018.11.12"]

1. e4 c5 2. Nf3 d6 3. d4 cxd4 4. Nxd4 Nf6 5. Nc3 Nc6 6. f3 e5 7. Nb3 Be7 8. Be3
O-O 9. Qd2 Be6 10. O-O-O a5 11. Bb5 a4 12. Bxa4 Nb4 13. a3 Na2+ 14. Nxa2 Rxa4
15. Nc3 Rc4 16. Kb1 Qa8 17. Bg5 Rfc8 18. Bxf6 Bxf6 19. Qxd6 R8c6 20. Qd3 Rxc3
21. bxc3 Be7 22. Qb5 h6 23. Qa5 Ra6 24. Qc7 Bf6 25. Kb2 b6 26. c4 Ra7 27. Qxb6
Be7 28. Rd6 Bxd6 29. Qxd6 Bxc4 30. Rd1 Kh7 31. Qc5 Be6 32. Rd8 Qb7 33. Qxe5 Qa6
34. Qd6 Qf1 35. Qb8 Qa6 36. Rh8+ Kg6 37. Qg3+ Kh5 38. Qe5+ Kg6 39. Qg3+ Kh5 40.
Qe5+ Kg6 41. h4 Qxa3+ 42. Kc3 f6 43. Qxe6 1-0

[Event "Tournament of Peace 2018"]
[Site "Zagreb CRO"]
[Date "2018.11.19"]
[Round "7.3"]
[White "Zelcic, Robert"]
[Black "Malakhov, Vladimir"]
[Result "1/2-1/2"]
[WhiteTitle "GM"]
[BlackTitle "GM"]
[WhiteElo "2508"]
[BlackElo "2654"]
[WhiteFideId "14500310"]
[BlackFideId "4120787"]
[EventDate "2018.11.12"]

1. e4 d6 2. d4 Nf6 3. Nc3 g6 4. Nf3 Bg7 5. Be2 O-O 6. O-O c6 7. a4 Qc7 8. Be3 e5
9. h3 exd4 10. Bxd4 Re8 11. Bd3 Nbd7 12. Re1 Nc5 13. e5 Nxd3 14. Qxd3 Bf5 15.
Qd2 dxe5 16. Bxe5 Qd8 17. Rad1 Qxd2 18. Rxd2 Bh6 19. Rde2 Nd7 20. Bd6 Rxe2 21.
Rxe2 Bg7 22. g4 Be6 23. Ng5 Bxc3 24. bxc3 Re8 25. f4 h6 26. Nf3 Nb6 27. a5 Nc4
28. Bc5 Ra8 29. Nd4 Bd5 30. Nb3 b6 31. axb6 axb6 32. Bd4 f5 33. Nd2 c5 34. Bf6
Kf7 35. Bh4 Nxd2 36. Rxd2 Ke6 37. Kh2 Ra2 38. Bd8 b5 39. Bb6 b4 40. cxb4 cxb4
41. Rf2 Be4 42. Bc5 Rb2 43. Kg3 h5 44. gxh5 gxh5 45. Kh4 Rxc2 1/2-1/2

[Event "Tournament of Peace 2018"]
[Site "Zagreb CRO"]
[Date "2018.11.19"]
[Round "7.4"]
[White "Amin, Bassem"]
[Black "Jovanovic, Zoran"]
[Result "1-0"]
[WhiteTitle "GM"]
[BlackTitle "GM"]
[WhiteElo "2709"]
[BlackElo "2537"]
[WhiteFideId "10601457"]
[BlackFideId "14505320"]
[EventDate "2018.11.12"]

1. e4 g6 2. d4 Bg7 3. c4 d6 4. Nc3 c6 5. Be3 e5 6. Nge2 Nf6 7. f3 Nbd7 8. Qd2
O-O 9. d5 cxd5 10. cxd5 a6 11. g4 h5 12. g5 Nh7 13. Nc1 f6 14. gxf6 Bxf6 15. Rg1
Bh4+ 16. Kd1 g5 17. Nd3 Kh8 18. Be2 Rf7 19. Rc1 Ndf8 20. Na4 Bh3 21. Nb6 Rb8 22.
Qb4 Ng6 23. Nc4 Rd7 24. Kc2 b5 25. Na5 Qf6 26. Nc6 Re8 27. Qa3 Ra8 28. Kb1 Nf4
29. Nxf4 gxf4 30. Bb6 Rb7 31. Qa5 Nf8 32. Bf1 Bxf1 33. Rgxf1 Nd7 34. Bd8 Rxd8
35. Qxd8+ Qxd8 36. Nxd8 Bxd8 37. Rc8 Rb8 38. Rfc1 Kg7 39. Rxb8 Nxb8 40. Rc8 Bb6
41. Rxb8 Bg1 42. h3 Kf6 43. Rh8 1-0

[Event "Tournament of Peace 2018"]
[Site "Zagreb CRO"]
[Date "2018.11.19"]
[Round "7.6"]
[White "Palac, Mladen"]
[Black "Adhiban, Baskaran"]
[Result "1/2-1/2"]
[WhiteTitle "GM"]
[BlackTitle "GM"]
[WhiteElo "2548"]
[BlackElo "2682"]
[WhiteFideId "14500116"]
[BlackFideId "5018471"]
[EventDate "2018.11.12"]

1. e4 e5 2. Nf3 Nc6 3. Bb5 a6 4. Ba4 Nf6 5. O-O b5 6. Bb3 Bc5 7. a4 Rb8 8. Nxe5
Nxe5 9. d4 Bxd4 10. Qxd4 d6 11. f3 O-O 12. Bf4 c5 13. Qd2 c4 14. Ba2 Be6 15. Nc3
b4 16. Ne2 b3 17. cxb3 cxb3 18. Bb1 Nh5 19. Be3 Qf6 20. Nc3 Nc4 21. Qf2 Nxe3 22.
Qxe3 Bc4 23. Re1 Nf4 24. g3 Ne6 25. Bd3 Rfc8 26. Kg2 Nd4 27. Bxc4 Rxc4 28. Qd3
Rbc8 29. Rad1 h5 30. Rf1 Nc2 31. Nd5 Qxb2 32. Rf2 Qe5 33. Qxb3 Kh7 34. Qb7 R8c5 1/2-1/2

[Event "Tournament of Peace 2018"]
[Site "Zagreb CRO"]
[Date "2018.11.20"]
[Round "8.1"]
[White "Ivanchuk, Vassily"]
[Black "Adhiban, Baskaran"]
[Result "1/2-1/2"]
[WhiteTitle "GM"]
[BlackTitle "GM"]
[WhiteElo "2714"]
[BlackElo "2682"]
[WhiteFideId "14100010"]
[BlackFideId "5018471"]
[EventDate "2018.11.12"]

1. e4 c5 2. Nf3 d6 3. d4 cxd4 4. Nxd4 Nf6 5. Nc3 a6 6. Be2 e5 7. Nb3 Be7 8. O-O
O-O 9. Kh1 b6 10. f3 Bb7 11. a4 Nc6 12. Bg5 Nb4 13. Nb1 a5 14. Na3 d5 15. c3 Na6
16. Bxf6 Bxf6 17. exd5 Bxd5 18. Nc4 Be6 19. Bd3 Qc7 20. Qe2 Bg5 21. Ncd2 Bxd2
22. Nxd2 Nc5 23. Bc2 Rad8 24. Rad1 Bc8 25. Rfe1 Ba6 26. Qf2 Nd3 27. Bxd3 Bxd3
28. Nb3 Bc4 29. Qc2 f6 30. h3 Rd7 31. Rxd7 Qxd7 32. Nd2 Bf7 33. Nf1 Qe6 34. f4
Qb3 35. Qxb3 Bxb3 36. fxe5 fxe5 37. Kg1 Bxa4 38. Rxe5 Rd8 39. Re6 Bb3 40. Rxb6
a4 41. Kf2 Bc4 42. Nh2 Rd2+ 43. Kg3 Bb3 44. Nf3 Rxb2 45. Nd4 Rb1 46. Nxb3 Rxb3
47. Rc6 a3 48. Kh2 Kf7 49. c4 a2 50. Ra6 Rb2 51. h4 Rc2 52. c5 Ke7 53. Ra7+ Ke6
54. c6 h5 55. c7 Rxc7 56. Rxa2 1/2-1/2

[Event "Tournament of Peace 2018"]
[Site "Zagreb CRO"]
[Date "2018.11.20"]
[Round "8.2"]
[White "Cheparinov, Ivan"]
[Black "Palac, Mladen"]
[Result "1-0"]
[WhiteTitle "GM"]
[BlackTitle "GM"]
[WhiteElo "2711"]
[BlackElo "2548"]
[WhiteFideId "2905540"]
[BlackFideId "14500116"]
[EventDate "2018.11.12"]

1. e4 c5 2. Nf3 d6 3. d4 cxd4 4. Nxd4 Nf6 5. Nc3 a6 6. Be3 e5 7. Nb3 Be6 8. f3
h5 9. Qd2 Nbd7 10. O-O-O b5 11. Nd5 Rc8 12. Kb1 Bxd5 13. exd5 Nb6 14. Qa5 Nbxd5
15. Bf2 Qc7 16. Rc1 Qxa5 17. Nxa5 Be7 18. c4 bxc4 19. Bxc4 O-O 20. Rhd1 Nf4 21.
Bf1 Rxc1+ 22. Rxc1 Ra8 23. Rc6 d5 24. g3 Ne6 25. Rxa6 Rxa6 26. Bxa6 e4 27. Nc6
Bd6 28. fxe4 dxe4 29. a4 Ng4 30. Bg1 Bc5 31. Bxc5 Nxc5 32. Bb5 Nxh2 33. a5 g5
34. b4 h4 35. gxh4 g4 36. bxc5 g3 37. Nd4 g2 38. Ne2 1-0

[Event "Tournament of Peace 2018"]
[Site "Zagreb CRO"]
[Date "2018.11.20"]
[Round "8.3"]
[White "Jovanovic, Zoran"]
[Black "Saric, Ivan"]
[Result "1/2-1/2"]
[WhiteTitle "GM"]
[BlackTitle "GM"]
[WhiteElo "2537"]
[BlackElo "2692"]
[WhiteFideId "14505320"]
[BlackFideId "14508150"]
[EventDate "2018.11.12"]

1. e4 e5 2. Nf3 Nc6 3. Bc4 Nf6 4. d3 h6 5. O-O d6 6. c3 g6 7. d4 Qe7 8. dxe5
Nxe5 9. Nxe5 dxe5 10. Qe2 Bg7 11. b3 O-O 12. a4 Rd8 13. Ba3 Qe8 14. Nd2 a6 15.
Rfd1 Bd7 16. a5 Bc6 17. f3 h5 18. Nf1 Bh6 19. Bc5 Kg7 20. h4 Nd7 21. Bf2 Nf8 22.
Ne3 Ne6 23. g3 Bb5 24. Nd5 Bxc4 25. Qxc4 Qb5 26. Qf1 Rd7 27. b4 Qxf1+ 28. Kxf1
Rad8 29. Ke2 f5 30. Ne3 Rxd1 31. Rxd1 Bxe3 32. Rxd8 Nxd8 33. Bxe3 Nf7 34. Kd3
Kf6 35. c4 Ke6 36. Bc1 fxe4+ 37. fxe4 Kd7 38. c5 Nd8 39. Kc4 Nc6 40. Bb2 Ke6 41.
Bc3 Na7 42. Bd2 Nc6 43. Bc3 Nb8 44. Bd2 c6 45. Bg5 1/2-1/2

[Event "Tournament of Peace 2018"]
[Site "Zagreb CRO"]
[Date "2018.11.20"]
[Round "8.4"]
[White "Malakhov, Vladimir"]
[Black "Amin, Bassem"]
[Result "1/2-1/2"]
[WhiteTitle "GM"]
[BlackTitle "GM"]
[WhiteElo "2654"]
[BlackElo "2709"]
[WhiteFideId "4120787"]
[BlackFideId "10601457"]
[EventDate "2018.11.12"]

1. Nf3 Nf6 2. g3 g6 3. b3 Bg7 4. Bb2 d6 5. d4 c5 6. Bg2 cxd4 7. Nxd4 d5 8. O-O
O-O 9. c4 e5 10. Nf3 e4 11. Nd4 dxc4 12. Nd2 cxb3 13. Qxb3 Nc6 14. Nxc6 Qxd2 15.
Ne7+ Kh8 16. Nxc8 Raxc8 17. e3 Qd3 18. Rfd1 Qxb3 19. axb3 a6 20. Rac1 Kg8 21.
Bxf6 Bxf6 22. Bxe4 b5 23. Rxc8 Rxc8 24. Rd6 Be7 25. Rxa6 Rc3 26. Bd5 Rc5 27. Bf3
Rc3 28. Bd5 Rc5 29. Bf3 Rc3 30. Ra7 Kf8 31. Ra8+ Kg7 32. Ra7 Kf8 33. Ra8+ Kg7
34. Re8 Bf6 35. Bd5 Rd3 36. e4 Bd4 37. Rb8 1/2-1/2

[Event "Tournament of Peace 2018"]
[Site "Zagreb CRO"]
[Date "2018.11.20"]
[Round "8.5"]
[White "Kozul, Zdenko"]
[Black "Zelcic, Robert"]
[Result "0-1"]
[WhiteTitle "GM"]
[BlackTitle "GM"]
[WhiteElo "2612"]
[BlackElo "2508"]
[WhiteFideId "14502879"]
[BlackFideId "14500310"]
[EventDate "2018.11.12"]

1. d4 Nf6 2. c4 e6 3. Nf3 d5 4. Bg5 dxc4 5. e4 b5 6. a4 c6 7. Nc3 Qb6 8. Bxf6
gxf6 9. Be2 Bg7 10. axb5 cxb5 11. b3 cxb3 12. Bxb5+ Bd7 13. Qxb3 O-O 14. O-O Rc8
15. Rfb1 Bf8 16. d5 Bxb5 17. Nxb5 Nd7 18. Nfd4 exd5 19. Nf5 Rab8 20. Qxd5 Ne5
21. Qa2 Qc5 22. Nbd4 Rxb1+ 23. Qxb1 Rd8 24. Ra4 Rb8 25. Qa1 Nd3 26. h3 Rb7 27.
Qd1 Ne5 28. Qa1 Nd3 29. Ra5 Qc7 30. Qd1 Qxa5 31. Qxd3 Qe1+ 32. Kh2 Qxf2 33. Nf3
Qc5 34. e5 Qc7 35. Qe4 Rb4 36. Qe1 Rb5 37. Qg3+ Kh8 38. Qh4 Qd8 39. N3d4 Rb6 40.
Nf3 Rb4 41. Qh5 Kg8 42. Ne3 Bg7 43. Nf5 Rf4 44. g3 Rb4 45. h4 Qd1 0-1

[Event "Tournament of Peace 2018"]
[Site "Zagreb CRO"]
[Date "2018.11.20"]
[Round "8.6"]
[White "Stevic, Hrvoje"]
[Black "Bacrot, Etienne"]
[Result "1/2-1/2"]
[WhiteTitle "GM"]
[BlackTitle "GM"]
[WhiteElo "2589"]
[BlackElo "2677"]
[WhiteFideId "14502569"]
[BlackFideId "605506"]
[EventDate "2018.11.12"]

1. e4 e5 2. Nf3 Nc6 3. Bb5 Nf6 4. O-O Nxe4 5. Re1 Nd6 6. Nxe5 Be7 7. Bf1 Nf5 8.
c3 Nxe5 9. Rxe5 d6 10. Re1 O-O 11. d4 d5 12. Bd3 Bd6 13. Nd2 c6 14. Nf1 Bd7 15.
Ng3 Nxg3 16. hxg3 Qf6 17. Qf3 Qxf3 18. gxf3 Rfe8 19. Bd2 f5 20. f4 Kf7 21. Rxe8
Rxe8 22. Re1 Rxe1+ 1/2-1/2

[Event "Tournament of Peace 2018"]
[Site "Zagreb CRO"]
[Date "2018.11.21"]
[Round "9.1"]
[White "Bacrot, Etienne"]
[Black "Ivanchuk, Vassily"]
[Result "1/2-1/2"]
[WhiteTitle "GM"]
[BlackTitle "GM"]
[WhiteElo "2677"]
[BlackElo "2714"]
[WhiteFideId "605506"]
[BlackFideId "14100010"]
[EventDate "2018.11.12"]

1. e4 c5 2. Nf3 e6 3. d4 cxd4 4. Nxd4 Nc6 5. Nc3 a6 6. Nxc6 bxc6 7. Bd3 Qc7 8.
O-O Nf6 9. Qe2 d5 10. Bg5 Bb7 11. Rfe1 Bb4 12. e5 Nd7 13. a3 Ba5 14. Rab1 c5 15.
b4 Bb6 16. bxc5 Nxc5 17. Be3 Ba5 18. Bd4 O-O 19. Rec1 Nxd3 20. cxd3 Rfc8 1/2-1/2

[Event "Tournament of Peace 2018"]
[Site "Zagreb CRO"]
[Date "2018.11.21"]
[Round "9.2"]
[White "Zelcic, Robert"]
[Black "Stevic, Hrvoje"]
[Result "1/2-1/2"]
[WhiteTitle "GM"]
[BlackTitle "GM"]
[WhiteElo "2508"]
[BlackElo "2589"]
[WhiteFideId "14500310"]
[BlackFideId "14502569"]
[EventDate "2018.11.12"]

1. e4 c5 2. Nf3 Nc6 3. d4 cxd4 4. Nxd4 Nf6 5. Nc3 d6 6. Be2 e6 7. O-O Be7 8. Be3
O-O 9. f4 Qc7 10. Qe1 Nxd4 11. Bxd4 e5 12. fxe5 dxe5 13. Qg3 Bc5 14. Bxc5 Qxc5+
15. Kh1 Kh8 16. Rxf6 gxf6 17. Qh4 Rg8 18. Qxf6+ Rg7 19. Qd8+ Rg8 20. Qf6+ Rg7
21. Rd1 Be6 22. Rd8+ Rxd8 23. Qxd8+ Rg8 24. Qf6+ 1/2-1/2